000 00413nam a2200181Ia 4500
001 15488
005 20260306170200.0
008 260306t2006||||xx |||||||||||||| ||und||
041 _aESP
082 _a541.3
_bE61
100 _aEngel, Thomas
_eAUT
245 0 _aQuímica física
260 _c2006
300 _axxi, 1063 páginas :
_c27 cm.
650 _aGEN
654 _aCCN
942 _cLIB
_dJUS
_fJUS
_2ddc
_n
999 _c15488
_d15488